Automated valuation models (Record no. 107542)

MARC details
000 -LEADER
fixed length control field 01355cad a22002295a 4500
001 - CONTROL NUMBER
control field L140808
008 - FIXED-LENGTH DATA ELEMENTS--GENERAL INFORMATION
fixed length control field 071012e20071010xxka f s 000 0 eng d
020 ## - INTERNATIONAL STANDARD BOOK NUMBER
International Standard Book Number 1905257120
035 ## - SYSTEM CONTROL NUMBER
System control number (Sirsi) u140808
041 0# - LANGUAGE CODE
Language code of text/sound track or separate title eng
050 04 - LIBRARY OF CONGRESS CALL NUMBER
Classification number 333.3320973 $2 18
100 1# - MAIN ENTRY--PERSONAL NAME
Personal name Downie, Mary-Lou
245 00 - TITLE STATEMENT
Title Automated valuation models
Remainder of title an international perspective
Medium [electronic resource]
260 ## - PUBLICATION, DISTRIBUTION, ETC.
Place of publication, distribution, etc. London
Name of publisher, distributor, etc. CML
Date of publication, distribution, etc. 2007
520 ## - SUMMARY, ETC.
Summary, etc. Research paper investigates how automated valuation models (AVMs) are being used in other countries. Seeks to identify indicators of possible future development within the UK. Finds that patterns of their use across the world are complex and patchy. Although they are well-established in only three countries, worldwide usage is clearly increasing. This growth is driven by competition in the lending industry, together with time and cost pressures. AVMs have not yet been tested in a falling housing market. Innovations of their use include the integration of valuation, credit and capacity data and decision rules in electronic decision-making platforms.
590 ## - LOCAL NOTE (RLIN)
Local note KA
651 #4 - SUBJECT ADDED ENTRY--GEOGRAPHIC NAME
Geographic name England and Wales
Chronological subdivision 1543-
690 ## - LOCAL SUBJECT ADDED ENTRY--TOPICAL TERM (OCLC, RLIN)
Topical term or geographic name as entry element PROPERTY-PROPERTY APPRAISAL AND VALUATION
700 1# - ADDED ENTRY--PERSONAL NAME
Personal name Robson, Gill
856 40 - ELECTRONIC LOCATION AND ACCESS
Uniform Resource Identifier <a href="https://www.cml.org.uk/cml/media/press/1336">https://www.cml.org.uk/cml/media/press/1336</a>
Public note View the item free of charge at www.cml.org.uk...
942 ## - ADDED ENTRY ELEMENTS (KOHA)
Suppress in OPAC 0
Holdings
Withdrawn status Lost status Source of classification or shelving scheme Damaged status Not for loan Home library Current library Shelving location Date acquired Total Checkouts Full call number Barcode Date last seen Copy number Price effective from Koha item type
    Dewey Decimal Classification     Virtual Virtual Online 12/10/2007   ONLINE PUBLICATION 140808-1001 06/08/2019 1 06/08/2019 Book